| 000 | 00640nam a2200241Ia 4500 | ||
|---|---|---|---|
| 008 | 180523s9999 xx 000 0 und d | ||
| 020 | _a978-81-261-3397-0 | ||
| 050 | _aMAIN G 154 | ||
| 050 | _b.C43 2007 | ||
| 100 | _aChand, Mohinder. | ||
| 245 | 0 | _aTravel agency management : | |
| 245 | 3 | _ban introductory text / | |
| 245 | 0 | _cMohinder Chand. | |
| 250 | _a2nd Revised Edition | ||
| 260 | _aNew Delhi : | ||
| 260 | _bAnmol Publications, | ||
| 260 | _c2007 | ||
| 300 | _a299 pages : | ||
| 300 | _c24 cm. | ||
| 650 | _aTourism -- Management. | ||
| 650 | _aTravel agents -- Management. | ||
| 650 | _xHospitality industry. | ||
| 999 |
_c356622 _d356622 |
||